Microbiology and biotechnology (Record no. 153357)
[ view plain ]
| 000 -LEADER | |
|---|---|
| fixed length control field | 00602nam a22001937a 4500 |
| 003 - CONTROL NUMBER IDENTIFIER | |
| control field | dpl |
| 005 - DATE AND TIME OF LATEST TRANSACTION | |
| control field | 20180704151444.0 |
| 008 - FIXED-LENGTH DATA ELEMENTS--GENERAL INFORMATION | |
| fixed length control field | 180704b xxu||||| |||| 00| 0 eng d |
| 020 ## - INTERNATIONAL STANDARD BOOK NUMBER | |
| International Standard Book Number | 818094008X |
| Terms of availability | 175.00 |
| 035 ## - SYSTEM CONTROL NUMBER | |
| System control number | B-227407 |
| 040 ## - CATALOGING SOURCE | |
| Original cataloging agency | DPL |
| Language of cataloging | EN |
| Transcribing agency | 0 |
| 082 ## - DEWEY DECIMAL CLASSIFICATION NUMBER | |
| Classification number | 660.6 |
| Item number | KAL |
| 100 ## - MAIN ENTRY--PERSONAL NAME | |
| Personal name | Kalaichelvan, P. T |
| 245 ## - TITLE STATEMENT | |
| Title | Microbiology and biotechnology |
| Remainder of title | a laboratory manual |
| Statement of responsibility, etc | / by P T Kalaichelvan |
| 260 ## - PUBLICATION, DISTRIBUTION, ETC. (IMPRINT) | |
| Place of publication, distribution, etc | Chennai |
| Name of publisher, distributor, etc | MJP Publishers |
| Date of publication, distribution, etc | 2005 |
| 270 ## - ADDRESS | |
| Address | 47, Nallathambi Street, Triplicane, |
| City | Chennai |
| State or province | 600005 |
| 300 ## - PHYSICAL DESCRIPTION | |
| Extent | xvi, 250p. |
| Dimensions | 22cm. |
| 942 ## - ADDED ENTRY ELEMENTS (KOHA) | |
| Source of classification or shelving scheme | Dewey Decimal Classification |
| Koha item type | English Books |
| Classification part | 660.6 |
| Call number suffix | KAL |
| Withdrawn status | Lost status | Source of classification or shelving scheme | Damaged status | Not for loan | Collection code | Home library | Current library | Date acquired | Source of acquisition | Cost, normal purchase price | Total Checkouts | Full call number | Barcode | Date last seen | Cost, replacement price | Price effective from | Koha item type |
|---|---|---|---|---|---|---|---|---|---|---|---|---|---|---|---|---|---|
| Dewey Decimal Classification | Non-fiction | Patel Nagar | Patel Nagar | 04/07/2018 | BPPD/PUB | 175.00 | 660.6 KAL | B-227407 | 04/07/2018 | 175.00 | 04/07/2018 | English Books |
